00000000nas 2200000zi 4500
0019.949960
003CaOODSP
00520250410151814
006m     o  d f      
007cr cn ||||||||
008250409d19941996oncar p o    f0    0fre|d
040 |aCaOODSP|bfre|erda|cCaOODSP
0410 |aeng|afre
043 |an-cn---
0861 |aNR1-1-PDF
1102 |aConseil national de recherches Canada.|eauteur, |eorganisme de publication.
24510|aReport to Parliament / |cNRC = CNRC.
24615|aRapport au Parlement
264 1|a[Ottawa] : |bNational Research Council of Canada = Conseil national de recherches Canada, |c1994-1996.
310 |aAnnuel
336 |atexte|btxt|2rdacontent/fre
337 |ainformatique|bc|2rdamedia/fre
338 |aressource en ligne|bcr|2rdacarrier/fre
3621 |aParaît depuis : 1993/1994; ne paraît plus après : 1995/1996.
546 |aTexte en anglais et en français.
588 |aDescription d'après : 1993/1994; titre de la page de titre du fichier PDF.
588 |aDernière livraison consultée : 1995/1996.
61026|aConseil national de recherches Canada|vPériodiques.
650 6|aRecherche|zCanada|vPériodiques.
650 6|aRecherche industrielle|zCanada|vPériodiques.
655 7|aPériodiques|2rvmgf
78000|tAnnual report.|w(CaOODSP)9.949948
78500|tRapport annuel / |w(CaOODSP)9.949986
788 |tReport to Parliament / |eeng|w(CaOODSP)9.949961